Normal view
MARC view
Entry Topical Term
001 - CONTROL NUMBER
- control field: 67824
003 - CONTROL NUMBER IDENTIFIER
- control field: BI-BuBU
005 - DATE AND TIME OF LATEST TRANSACTION
- control field: 20130311173448.0
008 - FIXED-LENGTH DATA ELEMENTS
- fixed length control field: 130311|||a|||||| | ||| d
040 ## - CATALOGING SOURCE
- Original cataloging agency: BI-BuBU
- Transcribing agency: BI-BuBU
150 ## - HEADING--TOPICAL TERM
- Topical term or geographic name as entry element: Diversité piscicole
- General subdivision: Lac Tanganyika
- Geographic subdivision: Rusizi (Estuaire)
670 ## - SOURCE DATA FOUND
- Source citation: Work cat.: (BI-BuBU): aut Sibomana, Claver 67823, Etat actuel de la diversité piscicole dans la zone littorale du Lac Tanganyika, 2008
670 ## - SOURCE DATA FOUND
- Source citation: Work cat.: (BI-BuBU): aut Sibomana, Claver 67823, Etat actuel de la diversité piscicole dans la zone littorale du Lac Tanganyika, 2008